| 000 | 00934nam a2200265 a 4500 | ||
|---|---|---|---|
| 001 | 72843 | ||
| 003 | BD-RjUL | ||
| 005 | 20211209082321.0 | ||
| 008 | 170524s1995 bg a b f000 0 eng d | ||
| 020 | _a9845620000 | ||
| 035 | _a(BD-RjUL)73061 | ||
| 040 |
_aBD-RjUL _beng _cBD-RjUL _dBD-RjUL |
||
| 041 | _aeng | ||
| 082 |
_223 _a338.95492 _bPLP 1995 |
||
| 110 | 1 |
_aBangladesh. _bPlanning commission _9215454 |
|
| 245 | 1 | 0 |
_aParticipatory perspective plan for Bangladesh, 1995-2010 / _bPlanning Commission, Bangladesh |
| 260 |
_aDhaka : _bPlanning Commission, Ministry of Planning, Govt. of the People's Republic of Bangladesh, _cc1995. |
||
| 300 |
_aVarious pagings : _bill. ; _c28 cm. |
||
| 500 | _a"July 1995" | ||
| 504 | _aIncludes bibliographical references. | ||
| 650 | 0 |
_aCentral planning _zBangladesh. _9215451 |
|
| 651 | 0 |
_aBangladesh _xEconomic policy. _9215452 |
|
| 700 |
_aKhan, Abdul Moyeen _9215455 |
||
| 942 |
_2ddc _cBK |
||
| 999 |
_c72843 _d72843 |
||